00730nam a2200241 a 4500001001300000003000900013005001700022008004100039020001100080082001700091100001900108245008100127260004300208300000900251500003500260505001000295650002400305700001900329902000800348942000700356952011000363999001500473nice12345678IN_TiNIC20260116011419.0050524s1960 lona grp 000 0 eng  ac140700a291.172bNEI aNeill, Stephen aChristian Faith and Other Faithsb the Christian Dialogue With Other Religio aLondonbOxford University Press c1960 a241p aincludes index and biblioraphy2 aIndex aInterfaith Dialogue1 aNeill, Stephen bSRS cBK 00104070aHMIbHMId2012-06-11g1407.00l1o291.172 NEIp02819r2018-03-06s2017-07-24w2026-01-16yEB c1323d1323